La escuela de New Haven y su aplicación a las relaciones internacionales /
Kaydedildi:
| Yazar: | |
|---|---|
| Müşterek Yazar: | |
| Materyal Türü: | Kitap |
| Dil: | Spanish |
| Baskı/Yayın Bilgisi: |
Azcapotzalco, Distrito Federal, México
Universidad Autónoma Metropolitana
1986
|
| Konular: | |
| Etiketler: |
Etiketle
Etiket eklenmemiş, İlk siz ekleyin!
|
MARC
| LEADER | 00000nam a2200000 4500 | ||
|---|---|---|---|
| 003 | cru CIDCACS/IIS | ||
| 005 | 20190122110636.0 | ||
| 008 | 190122b1986 MX ||||| |||| 00| 0 spa d | ||
| 999 | |c 42090 |d 42090 | ||
| 040 | |c cru CIDCACS/IIS | ||
| 090 | |a REV0001 7(19) 1986 | ||
| 100 | |9 8255 |a González de Pasos, Margarita | ||
| 110 | |9 8256 |a Universidad Iberoamericana. | ||
| 245 | |a La escuela de New Haven y su aplicación a las relaciones internacionales / |c Margarita González de Pazos | ||
| 260 | |a Azcapotzalco, Distrito Federal, México |b Universidad Autónoma Metropolitana |c 1986 | ||
| 300 | |a Páginas 39-66 | ||
| 650 | 0 | |9 4479 |a HISTORIA DEL DERECHO | |
| 650 | 0 | |9 6040 |a DERECHO INTERNACIONAL | |
| 650 | 4 | |9 2646 |a RELACIONES INTERNACIONALES | |
| 650 | 0 | |9 84 |a FILOSOFIA | |
| 650 | 0 | |9 8257 |a LASSWELL, HAROLD DWIGHT |y 1902-1978 | |
| 773 | 0 | |0 18805 |9 2596 |d Azcapotzalco UAM |o 02228 |t AZCAPOTZALCO | |
| 942 | |2 ddc |c PP | ||
